ՀՀ Գիտությունների ազգային ակադեմիայի հիմնարար գիտական գրադարան  =   Fundamental Scientific Library of NAS RA

Հայրենի աղբյուր : (Record no. 100138)

MARC details
000 -LEADER
fixed length control field 00872nam a2200217 a 4500
001 - CONTROL NUMBER
control field 000275175
003 - CONTROL NUMBER IDENTIFIER
control field AM-YeHGA
005 - DATE AND TIME OF LATEST TRANSACTION
control field 20250618071818.0
008 - FIXED-LENGTH DATA ELEMENTS--GENERAL INFORMATION
fixed length control field 031022s1981 aj a||||r|||||||||1|arm|d
040 ## - CATALOGING SOURCE
Original cataloging agency AM-YeHGA
041 0# - LANGUAGE CODE
Language code of text/sound track or separate title arm
090 ## - LOCALLY ASSIGNED LC-TYPE CALL NUMBER (OCLC); LOCAL CALL NUMBER (RLIN)
-- 101453
100 1# - MAIN ENTRY--PERSONAL NAME
Personal name Խաչանյան, Կոնստանդին Սահակի
245 10 - TITLE STATEMENT
Title Հայրենի աղբյուր :
Remainder of title [Բանաստեղծություններ] /
Statement of responsibility, etc. Կ. Խաչանյան ; Խմբ.՝ Վլ. Աբրահամյան ; Նկ.՝ Գ. Ավանեսով.
260 ## - PUBLICATION, DISTRIBUTION, ETC.
Place of publication, distribution, etc. Բաքու :
Name of publisher, distributor, etc. Գյանջլիք,
Date of publication, distribution, etc. 1981.
300 ## - PHYSICAL DESCRIPTION
Extent 55 էջ :
Other physical details դիմանկ. ;
Dimensions 16 սմ.
650 14 - SUBJECT ADDED ENTRY--TOPICAL TERM
Topical term or geographic name entry element Հայ գրականություն
General subdivision Բանաստեղծություն
700 1# - ADDED ENTRY--PERSONAL NAME
Personal name Աբրահամյան, Վլադիմիր Գուրգենի,
Dates associated with a name 1930-2017
Relator term խմբ.
Relationship edt
9 (RLIN) 949
700 1# - ADDED ENTRY--PERSONAL NAME
Personal name Ավանեսով, Գ.
Relator term նկ.
Relationship art
942 ## - ADDED ENTRY ELEMENTS (KOHA)
Source of classification or shelving scheme Universal Decimal Classification
Koha item type Գրքեր / Books
Holdings
Withdrawn status Lost status Damaged status Not for loan Collection Home library Current library Date acquired Total checkouts Full call number Barcode Date last seen Cost, replacement price Price effective from Koha item type Public note
        General Fundamental Scientific Library Fundamental Scientific Library 22/12/2016   AI/16651 FL0058575 22/12/2016 10.00 22/12/2016 Գրքեր / Books 30 Days Loan
        General Fundamental Scientific Library Fundamental Scientific Library 22/12/2016   AI/16652 FL0058155 22/12/2016 10.00 22/12/2016 Գրքեր / Books 30 Days Loan


ՀՀ ԳԱԱ հիմնարար գիտական գրադարան
ՀՀ,Երևան 0019
Մարշալ Բաղրամյան 24/6
հեռախոս:(374-10) 52-47-50
Հետադարձ կապ

All site content, except where otherwise noted, is licensed under a
Creative Commons License